[Event "Izmailov Memorial op 13th"]
[Site "Tomsk"]
[Date "2009.06.28"]
[Round "5"]
[White "Tilicheev, Viacheslav"]
[Black "Shakhmatov, Vyacheslav"]
[Result "1-0"]
[WhiteElo "2309"]
[BlackElo "2051"]
[PlyCount "87"]
[EventDate "2009.06.24"]
[EventType "swiss"]
[EventRounds "9"]
[EventCountry "RUS"]
[SourceTitle "EXT 2010"]
[Source "ChessBase"]
[SourceDate "2010.11.25"]
[SourceVersion "1"]
[SourceVersionDate "2010.11.25"]
[SourceQuality "1"]

1. d4 f5 2. g3 Nf6 3. Bg2 e6 4. c4 Be7 5. Nh3 0-0 6. 0-0 d6 7. Nc3 Qe8 8. Qb3 c6 9. d5 cxd5 10. cxd5 e5 11. Ng5 Na6 12. Qc2 Qg6 13. Ne6 Rf7 14. a3 Bd7 15. b4 b6 16. Qd3 Bc8 17. Bb2 Bb7 18. Rac1 e4 19. Qb5 Nxd5 20. Nxd5 Qxe6 21. Rfd1 Bg5 22. e3 Rc8 23. Rxc8+ Qxc8 24. h4 Qc2 25. Qe8+ Rf8 26. Qe6+ Kh8 27. Qd7 Qxd1+ 28. Bf1 Bh6 29. Qxb7 Nb8 30. Qe7 Rc8 31. Bd4 Qb3 32. Qxd6 Nc6 33. Bc3 Rd8 34. Qxc6 Qxd5 35. Qxh6 Rd7 36. Qf4 h6 37. Qxh6+ Kg8 38. Qg6 Kf8 39. h5 Rf7 40. Bd4 Rd7 41. a4 Rf7 42. Kg2 Qb3 43. Qc6 Re7 44. Bc4 1-0